<?xml version="1.0" encoding="UTF-8"?>
<collection xmlns="http://www.loc.gov/MARC21/slim">
    <record>
        <controlfield tag="001">95464</controlfield>
        <controlfield tag="005">20200923122109.0</controlfield>
        <datafield tag="020" ind1=" " ind2=" ">
            <subfield code="a">978-84-16723-92-8</subfield>
        </datafield>
        <datafield tag="024" ind1="7" ind2=" ">
            <subfield code="2">doi</subfield>
            <subfield code="a">10.26754/uz.978-84-16723-92-8</subfield>
        </datafield>
        <datafield tag="037" ind1=" " ind2=" ">
            <subfield code="a">BOOK-2020-132</subfield>
        </datafield>
        <datafield tag="041" ind1=" " ind2=" ">
            <subfield code="a">spa</subfield>
        </datafield>
        <datafield tag="100" ind1=" " ind2=" ">
            <subfield code="a">Simón-Montañés, Laura</subfield>
            <subfield code="b"></subfield>
        </datafield>
        <datafield tag="245" ind1=" " ind2=" ">
            <subfield code="a">Guía para la promoción de actividad física en personas con trastorno del espectro del autismo</subfield>
        </datafield>
        <datafield tag="250" ind1=" " ind2=" ">
            <subfield code="a">1ª ed.</subfield>
        </datafield>
        <datafield tag="260" ind1=" " ind2=" ">
            <subfield code="a">Zaragoza</subfield>
            <subfield code="b">Servicio de Publicaciones, Universidad de Zaragoza</subfield>
            <subfield code="c">2020</subfield>
        </datafield>
        <datafield tag="300" ind1=" " ind2=" ">
            <subfield code="a">46</subfield>
        </datafield>
        <datafield tag="520" ind1=" " ind2=" ">
            <subfield code="a">Este documento va dirigido, especialmente, a los profesionales del ámbito educativo y deportivo. A través de esta guía, pueden conocer estrategias que se han mostrado efectivas para trabajar actividades físico- deportivas con personas con Trastorno del Espectro del Autismo (TEA). Del mismo modo, en este trabajo se presenta una experiencia educativa, deportiva y recreativa llevada a cabo con personas con TEA, socias de Asociación Autismo Huesca, familiares y profesionales de dicha entidad y alumnado de la Universidad de Zaragoza. Se trata también de un documento de especial interés para toda la comunidad educativa ya que ofrece pautas, recursos y materiales que facilitan la accesibilidad cognitiva en las personas con TEA. Por último, este trabajo pretende dar a conocer las características de estas personas e identificar las necesidades que presentan con la finalidad de involucrar a todos los agentes (familias y educadores, entre otros) en el diseño de actividades educativas y deportivas. La elaboración de esta guía surge a través de una experiencia práctica desarrollada en una asignatura del Grado en Ciencias de la Actividad Física y del Deporte (CCAFD, Universidad de Zaragoza) en colaboración con Asociación Autismo Huesca. A partir de ahí, se ha creado una sinergia entre la autora de este trabajo y dicha asociación, cuyo objetivo principal es favorecer y promover la práctica de actividad física en las personas con TEA. Previo a la elaboración del presente trabajo, se colaboró en la iniciativa “TEA con A”, con la publicación de una reseña en la página web de la asociación: “¿TE-Atreves a moverte?”. En dicha iniciativa se puso la mirada en las mujeres con TEA dentro del contexto deportivo. Posteriormente, se presentó una experiencia educativa en el “Congreso internacional CAPAS-CITÉ. Liderazgo en la promoción de actividad física: estrategias efectivas en la movilización de activos”, bajo el título: “Trastorno del Espectro Autista (TEA) y promoción de la actividad física: una experiencia inclusiva a través del desarrollo de habilidades motrices básicas”. Estas acciones son el preludio al desarrollo de esta guía.</subfield>
        </datafield>
        <datafield tag="856" ind1="0" ind2=" ">
            <subfield code="f">zaguan@unizar.es</subfield>
        </datafield>
        <datafield tag="856" ind1="4" ind2=" ">
            <subfield code="s">8598392</subfield>
            <subfield code="u">http://zaguan.unizar.es/record/95464/files/BOOK-2020-132.pdf</subfield>
            <subfield code="z">Texto completo</subfield>
        </datafield>
        <datafield tag="909" ind1="C" ind2="O">
            <subfield code="o">oai:zaguan.unizar.es:95464</subfield>
            <subfield code="p">books</subfield>
        </datafield>
        <datafield tag="980" ind1=" " ind2=" ">
            <subfield code="a">BOOK</subfield>
            <subfield code="b">PRENSASUZ</subfield>
            <subfield code="b"></subfield>
        </datafield>
    </record>

    
</collection>